000 00659nam a2200229 i 4500
003 DO-SdBNP
005 20230601133841.0
007 ta
008 230601b1942 cu a|||| |||| 00| 0 spa d
040 _aDO-SdBNP
_bspa
_cBNPHU
_erda
082 4 _222
245 0 0 _aNadie parecia
264 _aLa Habana, Cuba :
_bs.n.,
_c1942
300 _avolumen :
_bilustraciones ;
_c1942.
336 _2rdacontent
_atexto
_btxt
337 _2rdamedia
_asin mediación
_bn
338 _2rdacarrier
_avolumen
_bnc
505 _av.3--
_tLa sustancia adherente--
_gv.4--
_tPifanos, Epifaní, Cabritos--
590 _aInventariado, 2023/BT
910 _aBtavárez
942 _2ddc
_cLF2
999 _c53685
_d53685